000 00612nam a2200181Ia 4500
008 151018s9999 xx 000 0 und d
082 _bRBASDV43339
_a922
100 _aआश्रम प्रकाशन अद्वैत
245 _aविवेकानंद
250 _b1
260 _bअद्वेत आश्रम
_c2000
300 _a117
600 _aआश्रम प्रकाशन अद्वैत
630 _aविवेकानंद
700 _aआश्रम प्रकाशन अद्वैत
730 _aविवेकानंद
942 _cBOOK
999 _c1042553
_d1042550